000 01022cam a22003257a 4500
003 CHAP
005 20220329142609.0
008 020319d2000 us a r 00110 eng d
010 _a85480
011 _a86452
020 _a0813826993
035 _a96990
040 _cCHAP
082 0 4 _a636.4
_bH3
100 0 0 _aHarris, D.L.
_952850
245 1 0 _aMulti-site pig production
_c/by Harris, D.L.
260 _aAmes,Iowa :
_bIowa State University,
_c2000.
300 _a217 p. :
_bilus. ; gráfs.
590 _aBATCH-UPD
_b10
_c20130110
_lUCH01
_h0515
590 _aBATCH-UPD
_b10
_c20130110
_lUCH01
_h2315
590 _aBATCH-UPD
_b10
_c20130410
_lUCH01
_h0153
590 _aBATCH-UPD
_b10
_c20130914
_lUCH01
_h1523
590 _aCONVERSION
_b10
_c20130109
_lUCH01
_h1347
650 1 4 _aGanado porcino.
_945328
650 1 4 _aGanado porcino
_xProducción.
_945399
901 _aBK
905 _aMayto Villalobos S.
942 _cLIBRO
949 _a636.4 H3
_bBC
_cLIBRO
_d33724000865697
_eLIBRO
_gI. 212368
_h102245
_i96990
_si
_t$725.00
999 _c85480
_d85480